| 000 | 00720nam a2200229 a 4500 | ||
|---|---|---|---|
| 001 | BRCA_6996 | ||
| 005 | 20190321142929.0 | ||
| 008 | 231111s1930----gw-#######---#000-0#ger-# | ||
| 041 | _ager | ||
| 044 | _agw | ||
| 050 | 4 | _b.L954 1930 | |
| 100 | 1 |
_aLowndes, Marie Adelaide Belloc _d1868-1947 _917409 |
|
| 245 | 1 | 0 |
_aDas Ende einer Hochzeitsreise _bRoman _cvon M. A. Belloc-Lowndes. |
| 260 |
_aBerlín _bUllstein _c[1930] |
||
| 300 |
_a249 p. _c17 cm. |
||
| 440 | 0 |
_aDie gelben Ullstein-Bücher , Kriminalroman _v84 _917410 |
|
| 500 | _aEstado físico: la cubierta posterior y las primeras páginas se están desprendiendo. | ||
| 500 | _aO14 | ||
| 650 | 1 | 4 |
_aNovelas policíacas _9877 |
| 902 | _aGFM | ||
| 942 |
_2lcc _cB |
||
| 999 |
_c6677 _d6677 |
||